| 000 | 01125cab a22002295a 4500 | ||
|---|---|---|---|
| 001 | L144920 | ||
| 008 | 080820s2008 xxko f 000 0 eng d | ||
| 035 | _a(Sirsi) u144920 | ||
| 041 | 0 | _aeng | |
| 100 | 1 | _aStanley, Kevin | |
| 245 | 0 | 0 | _aThermal energy |
| 260 | _c2008 | ||
| 490 |
_aHousebuilder _v67(7) August 2008, 53-54(2) |
||
| 520 | _aDiscusses the need for new homes to be properly insulated. Presents different methods of insulating houses and the effectiveness of new materials and products. Shows how the obstacle of airtightness can be overcome to insulate houses efficiently. Explains that because the requirements set in Building Regulations part L become stricter, in accordance with the Code for sustainable buildings, it becomes much more difficult to meet them. | ||
| 590 | _aKA | ||
| 650 | 2 | 4 | _aBUILDING REGULATIONS 2000 APPROVED DOCUMENT L1 (2002 EDITION) |
| 650 | 2 | 4 | _aDCLG CODE FOR SUSTAINABLE HOMES |
| 651 | 4 |
_aEngland and Wales _y1543- |
|
| 690 | _aENVIRONMENTAL AND LAND CONSULTANCY-ENERGY-ENERGY USE-ENERGY EFFICIENCY | ||
| 690 | _aBUILT ENVIRONMENT-SUSTAINABLE CONSTRUCTION | ||
| 942 | _n0 | ||
| 999 |
_c80644 _d80644 |
||